| 000 | 00596cam a2200217 i 4500 | ||
|---|---|---|---|
| 001 | 883111 | ||
| 005 | 20180116051341.0 | ||
| 008 | 801216s1981 nyua b 001 0 eng | ||
| 010 | _a 80028005 | ||
| 020 |
_a0471090093 : _c$16.95 (est.) |
||
| 040 |
_aDLC _cDLC _dDLC |
||
| 041 | _aeng | ||
| 080 | _a658.4.012 | ||
| 082 | 0 | 0 |
_a658.4.012 ACK _219 |
| 100 | 1 | _a54 | |
| 101 | _aLID | ||
| 245 | 1 | 0 |
_aCreating the corporate future : _cRussell L. Ackoff. |
| 504 | _aBibliography: p. 287-290. | ||
| 906 |
_a7 _bcbc _corignew _du _eocip _f19 _gy-gencatlg |
||
| 942 |
_2ddc _cBK |
||
| 999 |
_c40365 _d40365 |
||